Zasadanie Výboru Európskej komisie pre cestovný ruch prvýkrát s účasťou kandidátskych krajín na vstup do EÚ

Hlavné témy rokovania Výboru EK pre cestovný ruch. Vytvorenie základnej osnovy aktivít EÚ zameraných na CR. Posilnenie postavenia malých a stredných podnikateľov, ktorí dominujú v zamestnanosti cestovného ruchu. Odporúčania kandidátskym krajinám.

Guardado en:
Detalles Bibliográficos
Autor principal: Grellnethová, Magdaléna
Formato: Capítulo de libro
Lenguaje:eslovaco
Materias:
Etiquetas: Agregar Etiqueta
Sin Etiquetas, Sea el primero en etiquetar este registro!

MARC

LEADER 00000naa a2200000 4500
001 r042408
005 20230426124106.2
041 0 |a slo 
044 |a SK 
245 1 0 |a Zasadanie Výboru Európskej komisie pre cestovný ruch prvýkrát s účasťou kandidátskych krajín na vstup do EÚ  |c Magdaléna Grellnethová 
520 |a Hlavné témy rokovania Výboru EK pre cestovný ruch. Vytvorenie základnej osnovy aktivít EÚ zameraných na CR. Posilnenie postavenia malých a stredných podnikateľov, ktorí dominujú v zamestnanosti cestovného ruchu. Odporúčania kandidátskym krajinám. 
610 2 0 |a ruch cestovný 
610 2 0 |a politika ruchu cestovného 
610 2 0 |a Európska únia 
610 2 0 |a Slovensko 
100 1 |a Grellnethová, Magdaléna